LEADER 00984nam a2200241 4500 001 000000345748 003 CaOOAMICUS 005 20210517105015.0 008 210504s1970 it 000 u ita r 040 $aSeMil$bita 100 1 $aFreud, Sigmund,$d<1856-1939>.$0(OLS)http://semarc/name/2936 245 10$aTre saggi sulla teoria della sessualità /$cdi Sigmund Freud. 264 1$aMilano :$bDall'Oglio,$cstampa 1970. 300 $a173 p. ;$c18 cm 490 1 $aI corvi ;$v23 650 4$aFreud, Sigmund <1856-1939> - Sessualità.$0(OLS)http://semarc/subject/47400 830 2$aI corvi ;$v23.$0(OLS)http://semarc/title/12990 850 $aSeMil 852 $aSeMil$W1$xVenegono$y1$m2O I 494$j226081$B236805$CSeMilBibl$Z2$F236805 $81 961 $aMagni don Walter - Omaggio 996 $6245$aTre saggi sulla teoria della sessualità$9(OLS)http://semarc/title/434901 996 $6264$aMilano :$bDall'Oglio$9(OLS)http://semarc/publisher/30217 LEADER 00964nam a2200229 i 4500 001 000000223987 003 CaOOAMICUS 005 20131023000000.0 008 131023s2011 it u000 u ita u 013 $a202885 020 $a978-88-348-1728-5 040 $aSeMil$bita 245 10$aPersona e diritto nella chiesa. 300 $a275 p. 490 0 $aCollana di studi di diritto canonico ed ecclesiastico. Sezione canonistica ;$v39 773 0 $aLo Castro, Gaetano$tMistero del diritto.$dTorino : Giappichelli, 1997-2012.$g2$w()6451 830 0$aCollana di studi di diritto canonico ed ecclesiastico. Sezione canonistica ;$v39.$0(OLS)http://semarc/title/8580 850 $aSeMil 852 $aSeMil$W1$xVenegono$y1$m2J III 186$j174333$B174333$CSeMilBibl$Z2$F184463 $81 961 $aAcquisto: LI.CO.SA 996 $6020$a978-88-348-1728-5$9(OLS)http://semarc/number/224295 996 $6245$aPersona e diritto nella chiesa$9(OLS)http://semarc/title/321105